Statistics for Most Populous Countries to Never Participate in a FIFA World Cup

Click here to take the quiz!

General Stats

  • This quiz has been taken 188 times
  • The average score is 12 of 21

Answer Stats

Population Country % Correct
1,308,400,000India
99%
194,918,000Pakistan
87%
260,581,000Indonesia
86%
95,261,000Vietnam
72%
103,372,000Philippines
70%
101,853,000Ethiopia
68%
41,176,000Sudan
65%
47,251,000Kenya
64%
55,155,000Tanzania
62%
54,635,000Myanmar
60%
20,715,000Niger
59%
31,848,200Malaysia
58%
27,657,145Afghanistan
57%
36,860,700Uganda
50%
31,028,700Venezuela
47%
21,203,000Sri Lanka
44%
30,986,975Nepal
43%
31,575,300Uzbekistan
41%
18,564,000Syria
41%
22,434,363Madagascar
33%
19,034,397Burkina Faso
25%

Score Distribution

Percentile by Number Answered

Percent of People with Each Score

Your Score History

You have not taken this quiz